000 00641nam a2200229Ia 4500
003 OSt
005 20221005113939.0
006 a|||||r|||| 00| 0
007 ta
008 221004b |||||||| |||| 00| 0 urd d
020 _c250
024 _a14237
037 _b5722/11, 09/03/2010, Modern Publishing House
_cTextual
040 _aCRL
_cCRL
_burd
041 _2urd
_aurd
082 _a4,45, 168P8
100 _aSarosh Rifat
_9195962
245 0 _aAll India radio aur urdu
260 _c2008
942 _h4,45, 168P8
_cTEXL
_2cc
999 _c1029823
_d1029823